| 000 | 00514nam a2200193Ia 4500 | ||
|---|---|---|---|
| 003 | OSt | ||
| 005 | 20250808135404.0 | ||
| 008 | 210210b1936 xxu||||| |||| 00| 0 eng d | ||
| 040 | _cAL | ||
| 041 | _ahin | ||
| 082 | _a868/40 | ||
| 100 |
_aPrasad G H _9199697 |
||
| 110 |
_bप्रसाद जी एच _9199698 |
||
| 245 |
_aMaharani Ahilyabai _b: महारानी अहिल्याबाई |
||
| 260 |
_aPrayag _b- _c1936 |
||
| 690 |
_aBiography _9199699 |
||
| 906 | _a023765 | ||
| 942 |
_2ddc _cBK |
||
| 999 |
_c148730 _d148730 |
||